000 01106nas a2200373 4500
001 BR2013004252
003 BR-BrBNA
005 20231205122425.0
007 ta
008 230509b bl.|||p| |||| 00| 00por d
040 _aBR-BrBNA
_bpor
_cBiblioteca Nacional de Agricultura
041 _a(En)
072 _aF04; P35
100 1 _aSartor, L.R.
100 1 _aAssmann, A.L.
100 1 _aAssmann, T.S.
100 1 _aBigolin, P.E.
100 1 _aMiyazawa, M.
100 1 _aCarvalho, P.C. de F.
245 1 _aEffect of swine residue rates on corn, common bean, soybean and wheat yield
650 _aSOLO
650 _aMILHO
650 _aSOJA
650 _aFEIJÃO
650 _aFERTILIZANTE
650 _aRESÍDUO ORGÂNICO
650 _aMICROELEMENTO
650 _aNITROGÊNIO
650 _aFERTILIDADE DO SOLO
773 0 _tRevista Brasileira de Ciência do Solo (Brazil)
_xISSN 0100-0683
_g(Mar-Apr 2012), v. 36(2) p. 661-669
_wBR2013004252
856 4 0 _uhttp://www.scielo.br/pdf/rbcs/v36n2/a35v36n2.pdf
909 _a202311
_bLúcia
_c55
_dLúcia Elande
942 _2AGRIS
_n0
_cANA
999 _c228572
_d228572